000 00598nam a2200241Ia 4500
003 OSt
005 20220918185529.0
006 a|||||r|||| 00| 0
007 ta
008 220917b |||||||| |||| 00| 0 eng d
024 _a51,354
037 _cTextual
040 _aARTS
_cARTS
_beng
041 _2eng
_aeng
082 _aP111,9J, L8
100 _aHudson K
_969283
245 0 _aJargen of professions
260 _aLondon
_bMacMillan
_c1978
300 _a146p.
_ccm.
650 _aLINGUISTICS
942 _hP111,9J, L8
_cTEXL
_2CC
999 _c180947
_d180947